LEADER 01187nam a2200289 i 4500 001 000000035352 003 CaOOAMICUS 005 20071002000000.0 008 071002s1989 it u000 u ita u 013 $a3527 020 $a88-15-02067-5 040 $aSeMil$bita 100 1 $aFest, Joachim,$d<1926-2006>.$0(OLS)http://semarc/name/16440 245 12$aI maghi ignari :$bThomas e Heinrich Mann /$cJoachim Fest. 260 $aBologna :$bIl Mulino,$ccopyr. 1989. 300 $a101 p. ;$c22 cm. 490 0 $aIntersezioni ;$v60 600 14$aMann, Thomas <1875-1955>.$0(OLS)http://semarc/subject/6383 600 14$aMann, Heinrich <1871-1950>.$0(OLS)http://semarc/subject/6382 650 4$aBiografie.$0(OLS)http://semarc/subject/2953 830 0$aIntersezioni ;$v60.$0(OLS)http://semarc/title/6889 850 $aSeMil 852 $aSeMil$W1$xVenegono$y1$m1R IV 34$j248999$B1507$CSeMilBibl$Z2$F1507 $81 961 $aOmaggio: Agenzia internazionale 996 $6020$a88-15-02067-5$9(OLS)http://semarc/number/3526 996 $6245$aI maghi ignari :$bThomas e Heinrich Mann$9(OLS)http://semarc/title/48340 996 $6260$aBologna :$bIl Mulino$9(OLS)http://semarc/publisher/29842 LEADER 00621naa a2200145 i 4500 001 000000297774 003 CaOOAMICUS 005 20180831172611.0 008 180831n xx u000 u und u 013 $a5345 040 $aSeMil$bita 100 1 $aMelina, Livio,$d<1952- >.$0(OLS)http://semarc/name/3365 245 10$aQuestioni epistemologiche relative allo statuto dell'embrione umano. 773 0 $tIdentitą e statuto dell'embrione umano.$dCittą del Vaticano : Libreria Editrice Vaticana, 1998.$z88-209-2473-0$w()62305 996 $6245$aQuestioni epistemologiche relative allo statuto dell'embrione umano$9(OLS)http://semarc/title/373789